Poland Immigration by Country - Statistics

General Stats
  • This quiz has been taken 6,941 times
    2,777 since last reset
  • The average score is 13 of 20
Answer Stats
# People Country of Origin % Correct
16,710 Germany
96%
17,951 Russia
96%
420,299 Ukraine
96%
104,024 Belarus
88%
4,946 France
78%
6,125 China
76%
8,147 Italy
76%
5,126 Romania
76%
9,378 Turkey
75%
18,011 India
74%
5,434 Spain
74%
4,933 Bulgaria
63%
8,044 Moldova
54%
10,780 Vietnam
52%
24,943 Georgia
47%
4,025 Armenia
45%
4,190 Azerbaijan
40%
3,660 South Korea
36%
4,615 Philippines
34%
7,838 Uzbekistan
27%
No matching quizzes found
Score Distribution
Percent of People with Each Score
Percentile by Number Answered
Your Score History
You have not taken this quiz since the last reset